Ľudský kapitál a rozvoj ekonomiky

Problematika ľudského kapitálu ako jedného z faktorov, ktorý môže byť v SR najdôležitejším determinantom ekonomického rastu a rozvoja. Pokračujúce neinvestovanie do vzdelávacieho systému a výskumu by mohlo zvýšiť rozdiel medzi Slovenskom a rozvinutými ekonomikami.

Gespeichert in:
Bibliographische Detailangaben
1. Verfasser: Kovencová, Katarína
Format: Buchkapitel
Sprache:Slowakisch
Schlagworte:
Tags: Tag hinzufügen
Keine Tags, Fügen Sie das erste Tag hinzu!

MARC

LEADER 00000naa$a2200000$$$4500
001 0018678
005 20231106081703.0
041 0 |a slo 
044 |a SK 
245 1 0 |a Ľudský kapitál a rozvoj ekonomiky  |c Katarína Kovencová 
520 |a Problematika ľudského kapitálu ako jedného z faktorov, ktorý môže byť v SR najdôležitejším determinantom ekonomického rastu a rozvoja. Pokračujúce neinvestovanie do vzdelávacieho systému a výskumu by mohlo zvýšiť rozdiel medzi Slovenskom a rozvinutými ekonomikami. 
610 2 0 |a kapitál ľudský 
610 2 0 |a rast hospodársky 
610 2 0 |a kvalifikácia 
610 2 0 |a investície 
610 2 0 |a zdroje finančné 
610 2 0 |a zdroje investičné 
100 1 |a Kovencová, Katarína